Statystyki dla Kluby w Serie A 2017/2018

Kliknij tutaj aby rozwiązać quiz!

Ogólne statystyki

  • Ten quiz został rozwiązany 45 razy
  • Średni wynik to 15 z 20

Statystyki odpowiedzi

#klub% Poprawnych
11Juventus
100%
13Milan
100%
10Inter
95%
14Napoli
95%
15Roma
90%
1Atalanta
86%
12Lazio
83%
16Sampdoria
81%
8Genoa
74%
19Torino
74%
17Sassuolo
71%
20Udinese
69%
5Chievo
67%
9Hellas
64%
2Benevento
62%
7Fiorentina
62%
3Bologna
60%
4Cagliari
55%
18SPAL
45%
6Crotone
33%

Rozkład punktacji

Percentyl według liczby udzielonych odpowiedzi

Procent ludzi z każdym wynikiem

Twoja historia wyników

Nie rozwiązałeś tego quizu